Pays du monde contenant un Y - Statistiques

Statistiques générales
  • Ce quiz a été pris 873 fois
  • Le résultat moyen est 7 sur 13
Statistiques - réponses
Pays % Correct
Yémen
95%
Paraguay
62%
Uruguay
62%
Libye
60%
Syrie
55%
Guyana
48%
Chypre
41%
Égypte
41%
Érythrée
41%
Kenya
39%
Royaume-Uni
38%
Seychelles
38%
Pays-Bas
37%
Aucun quiz correspondant
Distribution des résultats
% des personnes avec chaque résultat
Percentile par nombre de réponses
Votre historique - résultats
Vous n’avez pas pris ce quiz